Score 0/25 Timer 04:00
5 Plays Today
% Correct
Velma Dinkley
90.3%
Veronica Mars
73%
Valentine's Day
66.1%
Vanna White
63.5%
Sofía Vergara
59.4%
Vertigo
57.7%
Violet Parr
56.4%
Van Helsing
54.7%
James Van Der Beek
51%
Lindsey Vonn
48%
Vivian Banks
46.3%
Vincent Chase
41.7%
Vanessa Huxtable
41.5%
% Correct
Valkyrie
39.5%
Vicky
38.8%
Vanity Smurf
35.7%
The Velvet Underground
34.5%
Wilmer Valderrama
32.3%
Voltron
30.7%
Van Morrison
27.4%
Vanilla Ice
25.8%
Alexa Vega
16.7%
Vitamin C
11.9%
Vance Joy
10.1%
The Village
5%
Come Together.
Have Fun.
All Virtual.
We all need to come together. Play Sporcle's virtual live trivia to have fun, connect with people, and get your trivia on. Join a live hosted trivia game for your favorite pub trivia experience done virtually. If a virtual private party is more your thing, go here for details.

You're not logged in!

Compare scores with friends on all Sporcle quizzes.
OR
Log In

Sporcle TV

Today on Sporcle TV


Watch our educational content, quiz creation guides, and fun videos on Sporcle TV.

Show Comments

Extras

Top Quizzes Today


Score Distribution

Paid Content

Your Account Isn't Verified!

In order to create a playlist on Sporcle, you need to verify the email address you used during registration. Go to your Sporcle Settings to finish the process.

Report this User

Report this user for behavior that violates our Community Guidelines.

Details: